LEADER 01314nam a2200313 a 4500 001 000000125223 003 CaOOAMICUS 005 20110506102316.0 008 110506s2010 it d u000 u ita r 020 $a978-88-307-1941-5 040 $aPUL$bita 041 1 $aita$heng 082 04$a275.6 100 1 $aSudbury, Lawrence M.F.$0(OLS)http://pul/name/79217 245 10$aCristiani a Gerusalemme :$bduemila anni di coraggio /$cLawrence M.F. Sudbury. 260 $aBologna :$bEditrice missionaria italiana,$c©2010. 300 $a297 p. :$bgrafici ;$c21 cm 490 1 $aPaesi, situazioni e problemi 504 $aBibliografia p. [287]-297. 651 4$aGerusalemme$xStoria ecclesiastica.$0(OLS)http://pul/subject/16872 830 0$aPaesi, situazioni e problemi.$0(OLS)http://pul/title/157876 850 $aPUL 852 $aPUL$W1$xSL Religione 3$y85$m275. 6 SUDLA 1$j144180$qDDC 21$B143215$CPULBib$Z2$F143215 $H117038 $82 941 1 $a9 996 $6020$a978-88-307-1941-5$9(OLS)http://pul/number/147072 996 $6082$a275.6$9(OLS)http://pul/classification/1986 996 $6245$aCristiani a Gerusalemme :$bduemila anni di coraggio$9(OLS)http://pul/title/157875 996 $6260$aBologna :$bEditrice missionaria italiana$9(OLS)http://pul/publisher/58567 LEADER 01052nam a2200253 u 4500 001 000000051858 003 CaOOAMICUS 005 20070226115402.0 008 000929s1982 it u000 u ita u 035 $a10856850 040 $aPUL(R)$bita 041 0 $aita$alat 100 1 $aBonnet, Piero Antonio.$0(OLS)http://pul/name/2831 245 10$aDe iuris canonici notione eiusque cum rei publicae iure habitudine /$cPiero Antonio Bonnet. 260 $aRoma :$bPontificia Universitą Gregoriana,$c1982. 300 $a173 p. ;$c22 cm 504 $aNote bibliografiche. 650 4$aDiritto canonico$xStudi.$0(OLS)http://pul/subject/689 850 $aPUL 852 $aPUL$W1$xDP1 Fondo Ciprotti$y59$m1542 E 13$j68647$nBK-PRI$b $qFondi$B68647$CPULBib$Z2$F68647 $H $81 941 1 $a1 961 $aINV: Fondo Ciprotti 996 $6245$aDe iuris canonici notione eiusque cum rei publicae iure habitudine$9(OLS)http://pul/title/69610 996 $6260$aRoma :$bPontificia Universitą Gregoriana$9(OLS)http://pul/publisher/47853